Megastädte der Welt - Statistiken

Allgemein
  • Dieses Quiz wurde 139 mal gespielt
  • Das Durchschnittsergebnis liegt bei 24 aus 45
Antwortstatistiken
Einwohner Stadt % Korrekt
41.0 Mio. Tokio
95%
22.0 Mio. New York
92%
19.1 Mio. Moskau
87%
21.2 Mio. Peking
87%
11.5 Mio. Paris
86%
40.8 Mio. Schanghai
86%
14.9 Mio. London
84%
17.2 Mio. Los Angeles
82%
22.5 Mio. Kairo
79%
12.5 Mio. Rio de Janeiro
79%
27.1 Mio. Mumbai
78%
25.1 Mio. Mexiko-Stadt
77%
15.9 Mio. Istanbul
73%
16.7 Mio. Buenos Aires
72%
22.1 Mio. Sao Paulo
70%
29.2 Mio. Jakarta
69%
25.1 Mio. Seoul
68%
34.6 Mio. Delhi
67%
27.2 Mio. Manila
62%
70.1 Mio. Guangzhou
56%
20.7 Mio. Lagos
55%
11.8 Mio. Lima
55%
21.2 Mio. Bangkok
53%
10.4 Mio. Bogota
53%
17.7 Mio. Osaka
52%
16.5 Mio. Teheran
50%
14.6 Mio. Johannesburg
49%
22.5 Mio. Dhaka
47%
12.2 Mio. Wuhan
44%
15.6 Mio. Kinshasa
42%
17.7 Mio. Kalkutta
38%
20.9 Mio. Karatschi
32%
14.2 Mio. Bengaluru
31%
13.9 Mio. Ho-Chi-Minh-Stadt
29%
12.8 Mio. Xian
29%
12.6 Mio. Chennai
27%
14.5 Mio. Lahore
26%
17.3 Mio. Chengdu
21%
10.5 Mio. Nagoya
19%
11.4 Mio. Hyderabad
18%
14.9 Mio. Xiamen
18%
10.9 Mio. Chongqing
17%
11.5 Mio. Tianjin
17%
13.9 Mio. Hangzhou
9%
11.0 Mio. Changsha
4%
Keine übereinstimmenden Quizze gefunden
Verteilung der Resultate
Anzahl Personen mit jedem Resultat
Perzentil nach korrekt beantworteten Fragen
Ihre Resultats-Entwicklung
Sie haben dieses Quiz noch nicht gespielt